[Event "Int. Stuttgarter Stadtmeisterschaft B"]
[Site "Ditzingen"]
[Date "2014.05.29"]
[Round "3.27"]
[White "Zaytsev, Evgeny"]
[Black "Lehnhardt, Julian"]
[Result "1-0"]
[WhiteElo "1736"]
[BlackElo "1593"]
[PlyCount "83"]
[EventDate "2014.??.??"]
[WhiteTeam "Stuttgarter SF 1879"]
[BlackTeam "SV Weil der Stadt"]

1. e4 c5 2. Nf3 Nc6 3. d4 cxd4 4. Nxd4 e5 5. Nb5 a6 6. Nd6+ Bxd6 7. Qxd6 Qe7 8.
Qd2 Qc5 9. Nc3 f6 10. a3 Nge7 11. Bd3 O-O 12. O-O Nd4 13. Ne2 d5 14. b4 Nxe2+
15. Qxe2 Qc6 16. c4 d4 17. Bd2 Be6 18. b5 Qc7 19. Bb4 a5 20. Bd2 Rac8 21. Rfc1
b6 22. Qf1 Ng6 23. g3 Qd7 24. c5 bxc5 25. Bc4 Kh8 26. Bxe6 Qxe6 27. Rc4 d3 28.
Rac1 Rfd8 29. Rxc5 Rxc5 30. Rxc5 Rd4 31. Rc6 Rd6 32. Qc1 Ne7 33. Rc7 a4 34. b6
Rxb6 35. Rxe7 Qg8 36. Rc7 Rb8 37. Rd7 Qb3 38. Kg2 g5 39. Qc7 Qg8 40. Bxg5 Qxg5
41. Rxh7+ Kg8 42. Qf7# 1-0

[Event "Int. Stuttgarter Stadtmeisterschaft B"]
[Site "Ditzingen"]
[Date "2014.05.29"]
[Round "3.28"]
[White "Giugno, Carmelo"]
[Black "Hornung, Richard"]
[Result "0-1"]
[WhiteElo "1447"]
[BlackElo "1734"]
[PlyCount "67"]
[EventDate "2014.??.??"]
[WhiteTeam "Stuttgarter SF 1879"]
[BlackTeam "SG Schwabing M�nchen Nord e.V."]

1. d4 Nf6 2. c4 c6 3. Nc3 d5 4. Nf3 e6 5. Bg5 Be7 6. e3 O-O 7. cxd5 exd5 8. Bd3
Bg4 9. h3 Bxf3 10. Qxf3 a5 11. a4 Na6 12. O-O Nb4 13. Bb1 Nd7 14. Bxe7 Qxe7 15.
e4 dxe4 16. Qxe4 Qxe4 17. Nxe4 Rfd8 18. Ng3 Nb6 19. Ne2 Re8 20. Nf4 Rad8 21.
Bf5 Rxd4 22. Rfe1 Rxe1+ 23. Rxe1 g6 24. Ne2 Rd2 25. Bg4 Nd3 26. Rb1 Ne5 27. Kf1
Nxg4 28. hxg4 Nxa4 29. b4 axb4 30. Ke1 Rb2 31. Rd1 Rxe2+ 32. Kxe2 Nc3+ 33. Kd2
Nxd1 34. Kxd1 0-1

[Event "Int. Stuttgarter Stadtmeisterschaft B"]
[Site "Ditzingen"]
[Date "2014.05.29"]
[Round "3.29"]
[White "Bauer, Dieter"]
[Black "Gheng, Dominik"]
[Result "1/2-1/2"]
[WhiteElo "1733"]
[BlackElo "1556"]
[PlyCount "90"]
[EventDate "2014.??.??"]
[WhiteTeam "SF 47 Neckartenzlingen"]
[BlackTeam "Schach-Kids Bernhausen e.V."]

1. c4 e6 2. g3 g6 3. Bg2 Bg7 4. Nc3 Ne7 5. e4 c5 6. Nge2 Nbc6 7. d3 O-O 8. O-O
a6 9. f4 f5 10. Kh1 Rb8 11. a4 Kh8 12. Be3 Nd4 13. Rb1 Nec6 14. Bf2 d6 15. Nxd4
Bxd4 16. Bxd4+ Nxd4 17. Ne2 Qf6 18. Nxd4 Qxd4 19. Qd2 Bd7 20. exf5 exf5 21. a5
b5 22. axb6 Rxb6 23. Qc3 Qxc3 24. bxc3 Rfb8 25. Rxb6 Rxb6 26. Bd5 Kg7 27. Ra1
Kf6 28. Kg1 Be6 29. Bf3 Ke7 30. Kf1 Kd7 31. Ke1 Kc7 32. Kd1 Bd7 33. Kc1 Bc6 34.
Bxc6 Kxc6 35. Ra5 Kb7 36. Kc2 Rc6 37. Ra1 Rc7 38. Re1 a5 39. Kb3 Kc6 40. Ka4
Rb7 41. Ka3 a4 42. Kxa4 Rb2 43. h4 Rg2 44. Re3 Rd2 45. Kb3 Kd7 1/2-1/2

[Event "Int. Stuttgarter Stadtmeisterschaft B"]
[Site "Ditzingen"]
[Date "2014.05.29"]
[Round "3.30"]
[White "Schmitz, Harald"]
[Black "Schwarz, Manuel"]
[Result "1/2-1/2"]
[WhiteElo "1726"]
[BlackElo "1537"]
[PlyCount "105"]
[EventDate "2014.??.??"]
[WhiteTeam "SC Aidlingen"]
[BlackTeam "SVG Vaihingen/Enz"]

1. e4 c5 2. c3 d5 3. exd5 Qxd5 4. d4 Nc6 5. Nf3 Nf6 6. Be2 e6 7. O-O cxd4 8.
cxd4 Be7 9. Nc3 Qd8 10. Be3 O-O 11. Rc1 a6 12. a3 Re8 13. Bd3 Nd5 14. Qc2 g6
15. Ne4 e5 16. Nxe5 Nxe5 17. dxe5 Nxe3 18. fxe3 Qb6 19. Qf2 Be6 20. Nf6+ Bxf6
21. exf6 Rad8 22. Bc4 Bxc4 23. Rxc4 Qxe3 24. Qxe3 Rxe3 25. Rfc1 Rde8 26. Kf1 h5
27. Rc8 b5 28. Kf2 R3e6 29. Rxe8+ Rxe8 30. Rc6 Re6 31. Rc8+ Kh7 32. Rc2 g5 33.
g3 Kg6 34. Kg2 Rxf6 35. h3 Re6 36. Kf3 f5 37. Rd2 g4+ 38. hxg4 hxg4+ 39. Kf2
Kg5 40. Rc2 Re5 41. Rd2 f4 42. gxf4+ Kxf4 43. Rd4+ Re4 44. Rd6 g3+ 45. Kf1 Kf3
46. Rf6+ Rf4 47. Rxa6 Ke3+ 48. Kg1 Kd3 49. Rg6 Rf3 50. Rg5 Kc4 51. Rg4+ Kc5 52.
Rb4 Rd3 53. Kg2 1/2-1/2

[Event "Int. Stuttgarter Stadtmeisterschaft B"]
[Site "Ditzingen"]
[Date "2014.05.29"]
[Round "3.31"]
[White "Triantafillidis, Zoe"]
[Black "Malitte, Matthias"]
[Result "1/2-1/2"]
[WhiteElo "1721"]
[BlackElo "1425"]
[PlyCount "72"]
[EventDate "2014.??.??"]
[WhiteTeam "SF HN-Biberach 1978 e.V."]
[BlackTeam "SV Leonberg 1978 eV"]

1. e4 c5 2. Nf3 Nc6 3. d4 cxd4 4. Nxd4 Nf6 5. Nc3 a6 6. Nb3 d6 7. Be2 g6 8. Bf4
Bg7 9. Qd2 O-O 10. Bh6 b5 11. Bxg7 Kxg7 12. Bd3 Bb7 13. O-O Ne5 14. Rae1 Nc4
15. Bxc4 bxc4 16. Nd4 e5 17. Nf3 Qb6 18. Qe3 Qxe3 19. Rxe3 Ng4 20. Re2 f5 21.
h3 Nh6 22. Ng5 Rae8 23. f4 exf4 24. Rxf4 Nf7 25. Nxf7 Rxf7 26. exf5 Rxe2 27.
Nxe2 Rxf5 28. Rxc4 Rc5 29. Rxc5 dxc5 30. g3 Kf6 31. Kf2 Ke5 32. Ke3 g5 33. h4
gxh4 34. gxh4 Kf5 35. Nf4 Be4 36. c3 h5 1/2-1/2

[Event "Int. Stuttgarter Stadtmeisterschaft B"]
[Site "Ditzingen"]
[Date "2014.05.29"]
[Round "3.32"]
[White "Goda, Frederic"]
[Black "Sax, Leon"]
[Result "0-1"]
[WhiteElo "1718"]
[BlackElo "1475"]
[PlyCount "54"]
[EventDate "2014.??.??"]
[WhiteTeam "SC Wei�e Dame Ulm e.V."]
[BlackTeam "SK Sachsenheim"]

1. d4 d5 2. Nf3 Nf6 3. c4 e6 4. Nc3 c6 5. Bg5 Nbd7 6. e3 Be7 7. Bd3 dxc4 8.
Bxc4 b5 9. Bd3 a6 10. O-O c5 11. Ne5 Bb7 12. Rc1 Nxe5 13. dxe5 Nd7 14. Bxe7
Qxe7 15. f4 Rd8 16. Qe2 c4 17. Be4 Nc5 18. Bxb7 Qxb7 19. Qg4 O-O 20. Ne2 Rd2
21. Rf3 Rfd8 22. Nd4 Qe4 23. Qg5 R8xd4 24. exd4 Qxd4+ 25. Kf1 Rd1+ 26. Rxd1
Qxd1+ 27. Kf2 Ne4+ 0-1

[Event "Int. Stuttgarter Stadtmeisterschaft B"]
[Site "Ditzingen"]
[Date "2014.05.29"]
[Round "3.34"]
[White "Vogel, Karlheinz"]
[Black "Kreiner, Bernhard"]
[Result "1/2-1/2"]
[WhiteElo "1706"]
[BlackElo "1409"]
[PlyCount "38"]
[EventDate "2014.??.??"]
[WhiteTeam "SV 23 B�ckingen"]
[BlackTeam "SC Neckarsulm e.V."]

1. d4 c5 2. d5 d6 3. e4 e6 4. c4 Be7 5. Nc3 a6 6. a4 e5 7. Nf3 h6 8. h3 Nf6 9.
Be2 Nh7 10. Qc2 O-O 11. O-O Ng5 12. Nxg5 Bxg5 13. f4 Bxf4 14. Bxf4 exf4 15.
Rxf4 Qg5 16. Rf3 Nd7 17. Qc1 Ne5 18. Rf2 Qxc1+ 19. Rxc1 Bd7 1/2-1/2

[Event "Int. Stuttgarter Stadtmeisterschaft B"]
[Site "Ditzingen"]
[Date "2014.05.29"]
[Round "3.36"]
[White "Ellinger, Harald"]
[Black "Weisensel, Wolfgang"]
[Result "1/2-1/2"]
[WhiteElo "1854"]
[BlackElo "1685"]
[PlyCount "110"]
[EventDate "2014.??.??"]
[WhiteTeam "SK e4 Gerlingen"]
[BlackTeam "Stuttgarter SF 1879"]

1. Nf3 Nf6 2. d4 e6 3. c4 Bb4+ 4. Bd2 Bxd2+ 5. Qxd2 d5 6. e3 O-O 7. Nc3 c6 8.
Bd3 Nbd7 9. O-O Re8 10. e4 dxe4 11. Nxe4 Nxe4 12. Bxe4 Nf6 13. Bc2 Qc7 14. Rad1
b6 15. Rfe1 Bb7 16. Ne5 Rad8 17. Qe3 c5 18. dxc5 Qxc5 19. Qxc5 bxc5 20. Ba4 Rf8
21. f3 Rc8 22. Rd2 Rfd8 23. Red1 Rxd2 24. Rxd2 Kf8 25. Kf2 Rc7 26. Ke3 Ke7 27.
a3 Ne8 28. Bxe8 Kxe8 29. Nd3 f6 30. Rc2 Ba6 31. b3 Ke7 32. Rd2 Bc8 33. Nb2 Bd7
34. b4 a6 35. Rc2 Be8 36. Rc3 Bd7 37. Nd3 cxb4 38. axb4 Bb5 39. Nc5 Bc6 40.
Nxa6 Rc8 41. Nc5 Be8 42. Ra3 Rc7 43. Kd4 e5+ 44. Kc3 Bf7 45. Kd3 Bg8 46. Rc3
Bf7 47. Na6 Rd7+ 48. Ke3 Rd4 49. c5 Bc4 50. Nb8 Bb5 51. c6 Kd8 52. c7+ Kc8 53.
Nc6 Bxc6 54. Rxc6 Rxb4 55. Re6 Rb7 1/2-1/2

[Event "Int. Stuttgarter Stadtmeisterschaft B"]
[Site "Ditzingen"]
[Date "2014.05.29"]
[Round "3.37"]
[White "Wurm, Frank"]
[Black "Behm, Wilfried"]
[Result "1-0"]
[WhiteElo "1593"]
[BlackElo "1844"]
[PlyCount "67"]
[EventDate "2014.??.??"]
[WhiteTeam "SF Simmersfeld"]
[BlackTeam "SV Stuttgart-Wolfbusch 1956 e.V."]

1. e4 e6 2. d4 d5 3. exd5 exd5 4. c3 Bd6 5. Bd3 Ne7 6. Nd2 Nd7 7. Qc2 Nf6 8.
Ndf3 Ng6 9. h3 c6 10. Bd2 Nf4 11. Bxf4 Bxf4 12. g3 Bh6 13. Ne2 Be6 14. g4 g5
15. Ne5 Qc7 16. O-O-O O-O-O 17. Rdf1 Kb8 18. Kb1 Ne4 19. Bxe4 dxe4 20. Qxe4 Bd5
21. Qf5 Bxh1 22. Rxh1 f6 23. Qxf6 Bg7 24. Qxg5 Bxe5 25. Qxe5 Qxe5 26. dxe5 Rd2
27. Re1 Rf8 28. f4 Rd3 29. h4 Re3 30. Kc2 Rxf4 31. Nxf4 Rxe1 32. e6 Re4 33. Kd3
Rxf4 34. e7 1-0

[Event "Int. Stuttgarter Stadtmeisterschaft B"]
[Site "Ditzingen"]
[Date "2014.05.29"]
[Round "3.38"]
[White "Hartmann, Christian"]
[Black "Fischer, Reinhardt"]
[Result "1/2-1/2"]
[WhiteElo "1650"]
[BlackElo "1756"]
[PlyCount "79"]
[EventDate "2014.??.??"]
[WhiteTeam "SC Tarrasch 45 M�nchen"]
[BlackTeam "SK 1912 Ludwigshafen"]

1. e4 c5 2. Nc3 e6 3. g3 b6 4. Bg2 Bb7 5. d3 a6 6. a4 Qc7 7. f4 Ne7 8. Nf3 Nbc6
9. d4 cxd4 10. Nxd4 Nxd4 11. Qxd4 Nc6 12. Qf2 Na5 13. Nd1 Rc8 14. c3 Nb3 15.
Rb1 Nc5 16. Qc2 Bc6 17. Ra1 Qb7 18. Nf2 a5 19. O-O f5 20. Re1 g6 21. Bh1 Kf7
22. exf5 gxf5 23. Bxc6 Rxc6 24. Nd3 Nxd3 25. Qxd3 Bc5+ 26. Be3 Rd6 27. Qc2 Rb8
28. Bf2 Qf3 29. Rf1 Bxf2+ 30. Rxf2 Qd5 31. Re1 Qa2 32. c4 Rc8 33. b3 Qxc2 34.
Rxc2 Rd3 35. Rb2 Rc5 36. Kf2 d5 37. cxd5 Rcxd5 38. Re3 R3d4 39. Rbe2 Rd6 40.
Re5 1/2-1/2

[Event "Int. Stuttgarter Stadtmeisterschaft B"]
[Site "Ditzingen"]
[Date "2014.05.29"]
[Round "3.39"]
[White "Helmich, J�rg"]
[Black "Sigmund, Wolfgang"]
[Result "1/2-1/2"]
[WhiteElo "1749"]
[BlackElo "1520"]
[PlyCount "56"]
[EventDate "2014.??.??"]
[WhiteTeam "Regensb. Turnerschaft"]
[BlackTeam "SC Eberbach"]

1. d4 d5 2. c4 c6 3. Nf3 Nf6 4. e3 Bf5 5. Nc3 e6 6. cxd5 cxd5 7. Bb5+ Nc6 8.
Ne5 Rc8 9. Qa4 Qb6 10. Bd2 a6 11. Bxc6+ bxc6 12. Rc1 Bd6 13. O-O O-O 14. Nd1 c5
15. dxc5 Rxc5 16. Rxc5 Bxc5 17. Ba5 Qd6 18. Nf3 Rc8 19. Nc3 Qb8 20. Nd4 Bg4 21.
Rb1 Bxd4 22. Qxd4 Rc4 23. Qd2 Bf5 24. Rc1 Ng4 25. g3 Ne5 26. Kg2 Nc6 27. Ne2
Rxc1 28. Nxc1 Nxa5 1/2-1/2

[Event "Int. Stuttgarter Stadtmeisterschaft B"]
[Site "Ditzingen"]
[Date "2014.05.29"]
[Round "3.40"]
[White "Schranz, Patrick"]
[Black "Domingos, Antonio"]
[Result "0-1"]
[WhiteElo "1512"]
[BlackElo "1690"]
[PlyCount "76"]
[EventDate "2014.??.??"]
[WhiteTeam "SC Feuerbach e. V."]
[BlackTeam "SF Oeffingen e.V."]

1. d4 e6 2. e4 d5 3. Nc3 Nf6 4. e5 Nfd7 5. Nf3 c5 6. b3 a6 7. Ba3 Qa5 8. Bb2
Nc6 9. dxc5 Ndxe5 10. Nxe5 Nxe5 11. Qd4 Nc6 12. Qd2 Bxc5 13. O-O-O Bb4 14. Qd3
O-O 15. g4 Ba3 16. Qh3 b5 17. Bd3 f5 18. gxf5 d4 19. fxe6 Bxb2+ 20. Kxb2 Qxc3+
21. Kb1 g6 22. Rhg1 Ne5 23. Qg3 Nxd3 24. Rxd3 Qc5 25. Qh4 Bxe6 26. Rxd4 Bf5 27.
Rd2 Rac8 28. Rc1 a5 29. Qd4 Qxd4 30. Rxd4 Rc5 31. Kb2 Rfc8 32. c3 Re5 33. Rd2
Rce8 34. Ka3 Re2 35. Rd5 Rb8 36. Rcd1 b4+ 37. cxb4 axb4+ 38. Ka4 Rxa2# 0-1

[Event "Int. Stuttgarter Stadtmeisterschaft B"]
[Site "Ditzingen"]
[Date "2014.05.29"]
[Round "3.42"]
[White "Gheng, Hannelore"]
[Black "Blum, Michael"]
[Result "0-1"]
[WhiteElo "1691"]
[BlackElo "1594"]
[PlyCount "98"]
[EventDate "2014.??.??"]
[WhiteTeam "SF Deizisau"]
[BlackTeam "SC Aidlingen"]

1. e4 c5 2. Nf3 d6 3. d4 cxd4 4. Nxd4 Nf6 5. Nc3 a6 6. Be2 e5 7. Nb3 Be7 8. Be3
b5 9. Nd5 Nbd7 10. Bg5 Nb6 11. O-O Nbxd5 12. exd5 h6 13. Be3 Bb7 14. c4 bxc4
15. Bxc4 Rc8 16. Rc1 O-O 17. f4 Nd7 18. Qh5 Nb6 19. Bd3 Nxd5 20. Qf5 g6 21. Qh3
Nxe3 22. Qxe3 exf4 23. Qxf4 Bg5 24. Rxc8 Bxf4 25. Rxd8 Be3+ 26. Kh1 Rxd8 27.
Na5 Bc8 28. Nc4 Bc5 29. a3 f5 30. b4 Ba7 31. Na5 Re8 32. Bc4+ Kg7 33. Nc6 Bb6
34. Nb8 a5 35. Bb5 Re5 36. Bd7 Bb7 37. Bc6 Bxc6 38. Nxc6 Rd5 39. Ne7 Rb5 40.
Nc8 Bc7 41. Rc1 Bb8 42. bxa5 Rxa5 43. Rc3 d5 44. g3 Be5 45. Rd3 Kf7 46. Nb6 Ke6
47. a4 Bc7 48. Rb3 Rc5 49. Rb5 Rxb5 0-1

[Event "Int. Stuttgarter Stadtmeisterschaft B"]
[Site "Ditzingen"]
[Date "2014.05.29"]
[Round "3.43"]
[White "Handel, Oliver"]
[Black "Kurpiela, Franz"]
[Result "1/2-1/2"]
[WhiteElo "1597"]
[BlackElo "1687"]
[PlyCount "147"]
[EventDate "2014.??.??"]
[WhiteTeam "SF 59 Kornwestheim"]
[BlackTeam "TSG �hringen"]

1. e4 e5 2. Nf3 Nf6 3. Nxe5 d6 4. Nf3 Nxe4 5. d4 d5 6. Bd3 Bg4 7. O-O Be7 8. c4
Nf6 9. cxd5 Bxf3 10. Qxf3 Qxd5 11. Qf4 Qd6 12. Nc3 a6 13. Re1 O-O 14. Qh4 Nbd7
15. Rxe7 Qxe7 16. Bxh7+ Nxh7 17. Qxe7 Rfe8 18. Qxe8+ Rxe8 19. Bf4 c6 20. Kf1 g5
21. Be3 f5 22. g3 Ndf6 23. Rc1 Ng4 24. Bd2 Nxh2+ 25. Kg2 Ng4 26. f3 Ngf6 27.
Kf2 Kf7 28. Na4 Nd7 29. Nc5 Nxc5 30. Rxc5 Kg6 31. Re5 Nf6 32. Rxe8 Nxe8 33. Bb4
Kf6 34. Ke3 Ke6 35. g4 Nf6 36. gxf5+ Kxf5 37. Bd2 Nd5+ 38. Kd3 b5 39. a3 Ne7
40. Ke3 Nc8 41. Kd3 Nb6 42. b3 Nd5 43. Ke2 g4 44. fxg4+ Kxg4 45. Kd3 Kf5 46.
Bc1 Ke6 47. Bd2 Nf6 48. Bg5 Ne8 49. Bf4 Nf6 50. Bg5 Nd5 51. Bd2 Kf5 52. Bc1 Nb6
53. Bd2 Ke6 54. Ba5 Nd7 55. Bd2 Kd5 56. Bg5 c5 57. dxc5 Nxc5+ 58. Kc2 a5 59.
Be3 Ne4 60. Bb6 a4 61. bxa4 bxa4 62. Kd3 Nd6 63. Ba5 Nc4 64. Bb4 Nb6 65. Bf8
Kc6 66. Kc3 Kb5 67. Bd6 Nd5+ 68. Kd4 Kc6 69. Bf8 Nb6 70. Bc5 Nd7 71. Bb4 Kb5
72. Be7 Nb8 73. Bd6 Nc6+ 74. Kc3 1/2-1/2

[Event "Int. Stuttgarter Stadtmeisterschaft B"]
[Site "Ditzingen"]
[Date "2014.05.29"]
[Round "3.44"]
[White "Thakkar, Amish"]
[Black "Petitto, Francesco"]
[Result "1-0"]
[WhiteElo "1585"]
[BlackElo "1647"]
[PlyCount "63"]
[EventDate "2014.??.??"]
[WhiteTeam "Rochade Metzingen e.V."]
[BlackTeam "SK Sontheim/Brenz e.V."]

1. e4 e6 2. d4 d5 3. Nc3 Bb4 4. a3 Bxc3+ 5. bxc3 dxe4 6. Qg4 Nf6 7. Qxg7 Rg8 8.
Qh6 Rg6 9. Qe3 c5 10. Ne2 Bd7 11. Rb1 Qa5 12. Qd2 Ba4 13. c4 Qc7 14. Nf4 Rg8
15. c3 Nc6 16. Qb2 cxd4 17. Bd2 d3 18. g3 Ne5 19. Bg2 b6 20. O-O h5 21. Be3
Nxc4 22. Qb4 Bc2 23. Rbc1 Nxe3 24. fxe3 Rd8 25. Rxc2 dxc2 26. Qa4+ Ke7 27. Qxc2
Qc4 28. Qf2 e5 29. Nh3 Ng4 30. Qf5 Rdf8 31. Rd1 f6 32. Qd7# 1-0

[Event "Int. Stuttgarter Stadtmeisterschaft B"]
[Site "Ditzingen"]
[Date "2014.05.29"]
[Round "3.45"]
[White "Lechler, Walter"]
[Black "Steinhart, Matthias"]
[Result "1/2-1/2"]
[WhiteElo "1561"]
[BlackElo "1779"]
[PlyCount "43"]
[EventDate "2014.??.??"]
[WhiteTeam "SK Dinkelsb�hl e.V."]
[BlackTeam "SF Freiberg"]

1. e4 e5 2. Nf3 Nc6 3. Bb5 a6 4. Ba4 Nf6 5. O-O b5 6. Bb3 Bb7 7. d3 Bd6 8. c3
O-O 9. Bg5 Be7 10. Nbd2 d6 11. Re1 Nb8 12. Nf1 Nbd7 13. Ng3 h6 14. Bxf6 Bxf6
15. d4 Re8 16. Qd2 c5 17. Rad1 exd4 18. cxd4 c4 19. Bc2 Rc8 20. a4 Qc7 21. axb5
axb5 22. Bb1 1/2-1/2

[Event "Int. Stuttgarter Stadtmeisterschaft B"]
[Site "Ditzingen"]
[Date "2014.05.29"]
[Round "3.46"]
[White "Mayer, Markus"]
[Black "Raabe, Stephan"]
[Result "1-0"]
[WhiteElo "1631"]
[BlackElo "1575"]
[PlyCount "93"]
[EventDate "2014.??.??"]
[WhiteTeam "SC Erdmannhausen"]
[BlackTeam "SF Freiberg"]

1. d4 Nf6 2. c4 e5 3. d5 Bc5 4. e3 d6 5. Nc3 a6 6. Qc2 O-O 7. Bd3 Ne8 8. Bxh7+
Kh8 9. Bf5 Bxf5 10. Qxf5 g6 11. Qh3+ Kg7 12. e4 Rh8 13. Qg3 Nd7 14. Nf3 Nef6
15. Bg5 Qc8 16. Bxf6+ Nxf6 17. Nd2 Nh5 18. Qf3 Nf6 19. h3 Ng4 20. Nd1 Bb4 21.
g3 Nf6 22. h4 c6 23. a3 Bxd2+ 24. Kxd2 cxd5 25. cxd5 Qc4 26. Nc3 Qd4+ 27. Ke2
Rac8 28. Rad1 Qc4+ 29. Qd3 Qb3 30. Rd2 Rc4 31. f3 Rd4 32. Qc2 Qc4+ 33. Kd1 Rc8
34. Kc1 Rxd2 35. Qxd2 Qd4 36. Rd1 Qc5 37. Kb1 b5 38. Rc1 Qb6 39. g4 Nd7 40. h5
Qa5 41. hxg6 Kxg6 42. Rh1 f6 43. Qh6+ Kf7 44. Qh7+ Ke8 45. Qg8+ Nf8 46. Rh8 Kd7
47. Qf7+ 1-0

[Event "Int. Stuttgarter Stadtmeisterschaft B"]
[Site "Ditzingen"]
[Date "2014.05.29"]
[Round "3.47"]
[White "Kalwei, Reinhard"]
[Black "Wraga, Teresa"]
[Result "1-0"]
[WhiteElo "1489"]
[BlackElo "1622"]
[PlyCount "151"]
[EventDate "2014.??.??"]
[WhiteTeam "SC Aidlingen"]
[BlackTeam "SG Osnabr�ck"]

1. e4 d6 2. d4 Nf6 3. Nc3 g6 4. Bc4 Bg7 5. Nge2 O-O 6. O-O Nxe4 7. Bxf7+ Rxf7
8. Nxe4 Rf8 9. c3 Nd7 10. Qb3+ Kh8 11. Ng5 Nf6 12. Nf4 b6 13. Nfe6 Bxe6 14.
Nxe6 Qd7 15. Nxf8 Rxf8 16. Bg5 Ne4 17. Be3 e6 18. Qc2 Nf6 19. f3 Nd5 20. Bd2
Qc6 21. Qc1 Nf6 22. Bh6 Nd7 23. Bxg7+ Kxg7 24. Qc2 e5 25. Rad1 exd4 26. Rxd4
Nf6 27. Re1 Re8 28. Rxe8 Qxe8 29. Kf2 Qd7 30. Qe2 c5 31. Rd1 d5 32. Qe5 Kf7 33.
g4 Qxg4 34. Qc7+ Qd7 35. Qxd7+ Nxd7 36. Rxd5 Ke6 37. Rd1 Ne5 38. Kg3 Kf5 39. b3
g5 40. Rd5 Ke6 41. Rd8 h5 42. Re8+ Kf5 43. Rf8+ Kg6 44. h4 g4 45. fxg4 Nxg4 46.
Rg8+ Kf5 47. Rg5+ Kf6 48. Rxh5 Ne3 49. Kf4 Nd1 50. Rf5+ Kg6 51. c4 Nc3 52. a4
Ne2+ 53. Kg4 Nd4 54. h5+ Kg7 55. Rg5+ Kh7 56. Rd5 Nxb3 57. Rd7+ Kh6 58. Rxa7
Nd2 59. a5 bxa5 60. Ra6+ Kh7 61. Rxa5 Nxc4 62. Rxc5 Nd2 63. Rc6 Ne4 64. Kf5
Ng3+ 65. Kg4 Ne4 66. Re6 Nf2+ 67. Kf5 Nd3 68. h6 Nc5 69. Rc6 Nd3 70. Kg5 Ne5
71. Rc7+ Kh8 72. Kf6 Ng4+ 73. Kg5 Ne5 74. Re7 Nf3+ 75. Kf6 Nh4 76. Ra7 1-0

[Event "Int. Stuttgarter Stadtmeisterschaft B"]
[Site "Ditzingen"]
[Date "2014.05.29"]
[Round "3.48"]
[White "Wraga, Hermann"]
[Black "J�ttner, Maik"]
[Result "0-1"]
[WhiteElo "1609"]
[BlackElo "1505"]
[PlyCount "47"]
[EventDate "2014.??.??"]
[WhiteTeam "SG Osnabr�ck"]
[BlackTeam "SpVgg Rommelshausen"]

1. e4 e6 2. d3 d5 3. Nd2 c5 4. Ngf3 Nc6 5. g3 Nf6 6. Bg2 Bd6 7. O-O dxe4 8.
dxe4 e5 9. h3 Be6 10. c3 Qd7 11. Ng5 h6 12. Nxe6 Qxe6 13. Qc2 O-O-O 14. Qa4 Bc7
15. b4 cxb4 16. cxb4 Rd4 17. a3 Nd7 18. Qc2 Nb6 19. Bb2 Rd6 20. Rfc1 Rhd8 21.
b5 Rxd2 22. Qc3 R8d3 23. Qc5 Bd6 24. Bxe5 0-1

[Event "Int. Stuttgarter Stadtmeisterschaft B"]
[Site "Ditzingen"]
[Date "2014.05.29"]
[Round "3.49"]
[White "Albert, Rafael Edwin"]
[Black "Awiszus, Thomas"]
[Result "1/2-1/2"]
[WhiteElo "1306"]
[BlackElo "1605"]
[PlyCount "39"]
[EventDate "2014.??.??"]
[WhiteTeam "SF 59 Kornwestheim"]
[BlackTeam "SK Schmiden/Cannstatt"]

1. e4 e6 2. d4 b5 3. Bxb5 Bb7 4. Nc3 Bb4 5. f3 Qh4+ 6. g3 Qf6 7. Bf4 c5 8. Be5
Qg6 9. Bxb8 Rxb8 10. dxc5 Nf6 11. c6 Bxc6 12. Bxc6 dxc6 13. Qd4 c5 14. Qd6 Rd8
15. Qc6+ Ke7 16. a3 Rd6 17. Qc7+ Rd7 18. Qc6 Bxc3+ 19. bxc3 Qg5 20. f4 1/2-1/2

[Event "Int. Stuttgarter Stadtmeisterschaft B"]
[Site "Ditzingen"]
[Date "2014.05.29"]
[Round "3.50"]
[White "Pibernik, Dario"]
[Black "F�rderer, Carl"]
[Result "0-1"]
[WhiteElo "1609"]
[BlackElo "1547"]
[PlyCount "98"]
[EventDate "2014.??.??"]
[WhiteTeam "SV Schorndorf"]
[BlackTeam "SC Wei�e Dame Ulm e.V."]

1. d4 d5 2. c4 e6 3. Nc3 Nf6 4. Nf3 Nc6 5. e3 Bd6 6. cxd5 exd5 7. Qb3 Ne7 8.
Bb5+ c6 9. Bd3 O-O 10. O-O Qc7 11. Ne2 Bf5 12. Ng3 Bxd3 13. Qxd3 b6 14. Bd2 c5
15. Rac1 c4 16. Qe2 Qd7 17. e4 Bxg3 18. fxg3 Nxe4 19. Ng5 Nxd2 20. Qxd2 Nc6 21.
Rc3 f6 22. Nh3 Rfe8 23. Re3 Rxe3 24. Qxe3 Re8 25. Qf3 Nxd4 26. Qd1 Ne2+ 27. Kh1
d4 28. Qc2 b5 29. Nf2 d3 30. Qd2 Qd8 31. Nd1 a5 32. a3 Qb6 33. g4 Re4 34. g5
Rf4 35. Re1 fxg5 36. Ne3 Re4 37. Nf5 Qf2 38. Qxa5 Ng3+ 39. hxg3 Rxe1+ 40. Kh2
Re8 41. Qxb5 Rf8 42. Qxc4+ Kh8 43. Nxg7 Kxg7 44. Qc3+ Rf6 45. Qc7+ Rf7 46. Qe5+
Qf6 47. Qe3 Rd7 48. Qd2 g4 49. b4 Qh6+ 0-1

[Event "Int. Stuttgarter Stadtmeisterschaft B"]
[Site "Ditzingen"]
[Date "2014.05.30"]
[Round "4.1"]
[White "Bausch, Jean"]
[Black "Issaad, Pascal"]
[Result "1-0"]
[WhiteElo "1791"]
[BlackElo "1864"]
[PlyCount "54"]
[EventDate "2014.??.??"]
[WhiteTeam "SC Unterhaching e.V."]
[BlackTeam "SV Stuttgart-Wolfbusch 1956 e.V."]

1. d4 f5 2. Nf3 Nf6 3. e3 g6 4. c4 Bg7 5. Be2 O-O 6. O-O d6 7. Nc3 e6 8. Qc2
Nc6 9. a3 e5 10. dxe5 dxe5 11. Rd1 Qe7 12. b4 e4 13. Nd4 Nxd4 14. exd4 a5 15.
b5 Bd7 16. Bf4 Be6 17. d5 Bc8 18. d6 Qe6 19. dxc7 h6 20. Rab1 g5 21. Bd6 Re8
22. b6 Bd7 23. Na4 Bxa4 24. Qxa4 e3 25. f3 Nd7 26. c5 Ne5 27. Bxe5 Bxe5 1-0

[Event "Int. Stuttgarter Stadtmeisterschaft B"]
[Site "Ditzingen"]
[Date "2014.05.30"]
[Round "4.2"]
[White "Shahisavandi, Abdollah"]
[Black "Graf, Maximilian"]
[Result "1-0"]
[WhiteElo "1849"]
[BlackElo "1796"]
[PlyCount "131"]
[EventDate "2014.??.??"]
[WhiteTeam "Karlsruher SF 1853"]
[BlackTeam "SK e4 Gerlingen"]

1. e4 e5 2. Nf3 Nc6 3. Bb5 a6 4. Ba4 Nf6 5. O-O Be7 6. Re1 b5 7. Bb3 d6 8. h3
Na5 9. d4 exd4 10. e5 dxe5 11. Nxe5 O-O 12. Bd2 b4 13. a3 Bb7 14. Ba2 c5 15.
axb4 cxb4 16. Qe2 Bd6 17. Nxf7 Rxf7 18. Bxf7+ Kxf7 19. Qe6+ Kf8 20. Rxa5 Bd5
21. Rxd5 Nxd5 22. g3 Nf6 23. Qc4 a5 24. Qxd4 Qc7 25. Kg2 Rd8 26. Qh4 Qxc2 27.
Qg5 Re8 28. Rc1 Qe4+ 29. Kg1 Qf3 30. Be3 Ne4 31. Qg4 Qxg4 32. hxg4 Nxg3 33. Kg2
Ne4 34. Rc6 Be5 35. f3 Nf6 36. Bc5+ Kf7 37. b3 Bf4 38. Kf2 Rd8 39. Ke2 Nd7 40.
Bf2 Ne5 41. Rc5 Nd3 42. Rf5+ Ke6 43. Be3 Bxe3 44. Kxe3 Ne5 45. Nd2 Rd3+ 46. Ke2
Rc3 47. Ne4 Nc6 48. Nxc3 Nd4+ 49. Kd3 Nxf5 50. gxf5+ Kxf5 51. Ne2 h5 52. Ke3 h4
53. Nd4+ Ke5 54. Nc6+ Kd5 55. Nxa5 h3 56. Kf2 Kd4 57. Kg3 Ke3 58. Nc4+ Ke2 59.
Ne5 Ke3 60. Ng4+ Ke2 61. f4 g6 62. Ne5 h2 63. Kxh2 Ke3 64. Nxg6 Kd3 65. f5 Kc3
66. f6 1-0

[Event "Int. Stuttgarter Stadtmeisterschaft B"]
[Site "Ditzingen"]
[Date "2014.05.30"]
[Round "4.3"]
[White "Jantos, Stefan"]
[Black "Wei�enberger, Mario"]
[Result "1/2-1/2"]
[WhiteElo "1840"]
[BlackElo "1673"]
[PlyCount "103"]
[EventDate "2014.??.??"]
[WhiteTeam "SF Oeffingen e.V."]
[BlackTeam "Ssg Fils-Lauter e. V."]

1. e4 g6 2. d4 Bg7 3. Nf3 d6 4. Bc4 Nf6 5. Nc3 O-O 6. O-O c5 7. dxc5 dxc5 8.
Qe2 a6 9. e5 Ne8 10. Rd1 Bd7 11. e6 fxe6 12. Bxe6+ Kh8 13. Bg5 Nf6 14. Ne5 Qe8
15. Nxd7 Nbxd7 16. Bxd7 Nxd7 17. Qxe7 Rf7 18. Qxe8+ Rxe8 19. Re1 Ref8 20. Ne4
c4 21. c3 Ne5 22. f3 h6 23. Be3 Nd3 24. Re2 b5 25. Nc5 Nxb2 26. Ne6 Re8 27.
Nxg7 Rxg7 28. Kf1 Kh7 29. Bd4 Rxe2 30. Kxe2 Re7+ 31. Kd2 Nd3 32. a4 Rb7 33.
axb5 axb5 34. Ra8 g5 35. Rh8+ Kg6 36. g4 Nf4 37. Rg8+ Kh7 38. Rh8+ Kg6 39. Rg8+
Kh7 40. Ra8 Ne6 41. Ra7 Rxa7 42. Bxa7 Kg6 43. Ke3 Nf4 44. Bd4 h5 45. Be5 Nd3
46. Bd6 hxg4 47. fxg4 Kf6 48. Kd4 Nf2 49. Bg3 Nxg4 50. Kc5 Ke6 51. Kxb5 Kd5 52.
h4 1/2-1/2